Bramkarze reprezentacji Włoch - Statystyki

Ogólne statystyki
  • Ten quiz został rozwiązany 691 razy
  • Średni wynik to 2 z 8
Statystyki odpowiedzi
Bramkarz Występy % Poprawnych
Gianluigi Buffon 161
97%
Gianluigi Donnarumma 66
93%
Salvatore Sirigu 28
21%
Francesco Toldo 14
15%
Federico Marchetti 11
7%
Marco Amelia 9
4%
Morgan De Sanctis 6
4%
Emiliano Viviano 6
3%
Nie znaleziono quizów pasujących do podanych kryteriów
Rozkład punktacji
Procent ludzi z każdym wynikiem
Percentyl według liczby udzielonych odpowiedzi
Twoja historia wyników
Nie rozwiązałeś tego quizu